Current research in natural language generation
Αποθηκεύτηκε σε:
| Άλλοι συγγραφείς: | , , |
|---|---|
| Μορφή: | Βιβλίο |
| Γλώσσα: | English |
| Δημοσίευση: |
London :
Academic press,
c1990.
|
| Σειρά: | Cognitive science series (London, England)
|
| Θέματα: | |
| Ετικέτες: |
Προσθήκη ετικέτας
Δεν υπάρχουν, Καταχωρήστε ετικέτα πρώτοι!
|
MARC
| LEADER | 00000cam a2200000 i 4500 | ||
|---|---|---|---|
| 001 | 1/61266 | ||
| 008 | 960220s1990 enk ||| | eng|| | ||
| 020 | |a 0122007352 | ||
| 035 | |a 1995 |c ΒΟΥΡΟΣ |l 10046405 | ||
| 040 | |a GR-MyUA |b gre |e AACR2 | ||
| 041 | 0 | |a eng | |
| 082 | 0 | |a 006.35 | |
| 245 | 1 | 0 | |a Current research in natural language generation / |c Edited by Robert Dale, Crhis Mellish, Michael Zock. |
| 260 | |a London : |b Academic press, |c c1990. | ||
| 300 | |a 348 σ. ; |c 23 εκ. | ||
| 490 | 1 | |a (Cognitive science series (London, England) | |
| 504 | |a Περιέχει βιβλιογραφικές αναφορές και ευρετήριο. | ||
| 650 | 0 | 0 | |a Natural language processing (Computer science) |
| 700 | 1 | |a Dale, Robert, |d 1959- |e edt | |
| 700 | 1 | |a Mellish, C. S. |q (Christopher S.), |d 1954- |e edt | |
| 700 | 1 | |a Zock, Michael, |e edt | |
| 830 | 0 | |a Cognitive science series (London, England) | |
| 852 | |a INST |b SAMOS |e 19960220 |h 006.35 CUR |p 005300004980 |q 005300004980 |t BK |y 0 | ||
| 909 | |a Σ |b 041874 | ||